000 00649nam a2200253Ia 4500
003 OSt
005 20220918163217.0
006 a|||||r|||| 00| 0
007 ta
008 220917b |||||||| |||| 00| 0 eng d
020 _a0 330 26692 6
024 _a30,139
037 _cTextual
040 _aARTS
_cARTS
_beng
041 _2eng
_aeng
082 _aO111,3NKE,1, M1
100 _aKennedy Raymond
_912024
245 0 _aColumbine
260 _aLonodn
_bPan Books UK
_c1981
300 _a316p.
_ccm.
650 _aENGLISH LITERATURE
942 _hO111,3NKE,1, M1
_cTEXL
_2CC
999 _c118471
_d118471